Statistics for Blues Musicians

Click here to take the quiz!

General Stats

  • This quiz has been taken 14 times
  • The average score is 6 of 16

Answer Stats

Hint Answer % Correct
HookerJohn Lee
90%
JohnsonRobert
70%
WatersMuddy
70%
ThorntonBig Mama
70%
BellyLead
60%
McTellBlind Willie
50%
HopkinsLightnin'
50%
HurtMississippi John
40%
BurnsideR.L.
30%
HouseSon
30%
JamesSkip
20%
McClainMighty Sam
20%
PattonCharlie
10%
ColemanGary B.B.
10%
Leach/WoldSteven Gene
10%
BlackwellScrapper
10%

Score Distribution

Percentile by Number Answered

Percent of People with Each Score

Your Score History

You have not taken this quiz